From Emoji to French Word (Random Quiz) - Statistics

General Stats
  • This quiz has been taken 46 times
    44 since last reset
  • The average score is 19 of 30
Answer Stats
Emoji Translation into French % Correct
1F34D.svg Ananas
100%
1F332.svg Arbre
100%
2708.svg Avion
100%
1F34C.svg Banane
100%
1F6B2.svg Bicyclette / Vélo
100%
1FAA5.svg Brosse à dents
100%
1F68C.svg Bus / Car
100%
1F335.svg Cactus
100%
1F69B.svg Camion
100%
1F431.svg Chat
100%
1F9E6.svg Chaussettes
100%
1F434.svg Cheval
100%
1F54A.svg Colombe
100%
1F451.svg Couronne
100%
1F52A.svg Couteau
100%
270F.svg Crayon
100%
1F9B7.svg Dent
100%
1F6BF.svg Douche
100%
1F418.svg Éléphant
100%
1F9D1-200D-1F3EB.svg Enseignant / Instituteur / Professeur
100%
1F525.svg Feu
100%
1F33B.svg Fleur
100%
1F353.svg Fraise
100%
1F9B5.svg Jambe
100%
1F95D.svg Kiwi
100%
1F428.svg Koala
100%
1F981.svg Lion
100%
1F6CF.svg Lit
100%
1F4DA.svg Livres
100%
1F319.svg Lune
100%
1F3E0.svg Maison
100%
1F9A3.svg Mammouth
100%
1F528.svg Marteau
100%
1F5FB.svg Montagne
100%
1F441.svg Œil
100%
1F95A.svg Œuf
100%
1F956.svg Pain
100%
1F43C.svg Panda
100%
1FA99.svg Pièce
100%
1F350.svg Poire
100%
1FAC1.svg Poumon
100%
1F457.svg Robe
100%
1F6DE.svg Roue
100%
2600.svg Soleil
100%
1F5B1.svg Souris
100%
1F345.svg Tomate
100%
1FA9B.svg Tournevis
100%
1F42E.svg Vache
100%
1F437.svg Cochon / Porc
89%
1F41F.svg Poisson
88%
1F697.svg Automobile / Voiture
86%
1FA91.svg Chaise
86%
1F344.svg Champignon
86%
1F40A.svg Crocodile
86%
1F9B4.svg Os
86%
2328.svg Clavier
83%
1F4A7.svg Eau
83%
1F40C.svg Escargot
83%
231A.svg Montre
83%
1FAD1.svg Poivron
83%
1F444.svg Bouche
80%
1F438.svg Grenouille
80%
1F3B8.svg Guitare
80%
1F4F0.svg Journal
80%
1F41D.svg Abeille
75%
1F6A2.svg Bateau / Navire
75%
2603.svg Bonhomme de neige
75%
1F56F.svg Bougie
75%
1F34B.svg Citron
75%
1F9EF.svg Extincteur
75%
1FA9F.svg Fenêtre
75%
1F9C0.svg Fromage
75%
1F9E4.svg Gants
75%
1F590.svg Main
75%
1FA9E.svg Miroir
75%
1F98B.svg Papillon
75%
1F954.svg Pomme de terre
75%
1F405.svg Tigre
75%
1F577.svg Araignée
71%
1FAB0.svg Mouche
71%
1FAB1.svg Ver de terre
71%
1F6C1.svg Baignoire
67%
1F4AA.svg Bras
67%
1F986.svg Canard
67%
1F955.svg Carotte
67%
2764.svg Cœur
67%
1F990.svg Crevette
67%
1F3B2.svg
67%
1F43A.svg Loup
67%
1FAD0.svg Myrtille
67%
1FABA.svg Nid
67%
1FABF.svg Oie
67%
1F43B.svg Ours
67%
2602.svg Parapluie
67%
1F99C.svg Perroquet
67%
1F9B6.svg Pied
67%
1F6AA.svg Porte
67%
1F98A.svg Renard
67%
1F98F.svg Rhinocéros
67%
1F412.svg Singe
67%
1F3BA.svg Trompette
67%
1F3BB.svg Violon
67%
1F401.svg Souris
64%
1F308.svg Arc-en-ciel
63%
1F9EC.svg ADN
60%
1F352.svg Cerise
60%
1F989.svg Chouette / Hibou
60%
1F42C.svg Dauphin
60%
1F5A8.svg Imprimante
60%
1F9E5.svg Manteau
60%
2601.svg Nuage
60%
1F442.svg Oreille
60%
1F349.svg Pastèque
60%
1FA8F.svg Pelle
60%
1F336.svg Piment
60%
1F484.svg Rouge à lèvres
60%
1F951.svg Avocat
50%
1F433.svg Baleine
50%
1FAB3.svg Blatte / Cafard
50%
1F36C.svg Bonbon
50%
E319.svg Cerveau
50%
1F452.svg Chapeau
50%
1F4C1.svg Chemise / Dossier
50%
1F41E.svg Coccinelle
50%
1F480.svg Crâne
50%
1F983.svg Dinde / Dindon
50%
1F9FD.svg Éponge
50%
2B50.svg Étoile
50%
1F9A9.svg Flamant rose
50%
1F370.svg Gâteau
50%
1F992.svg Girafe
50%
E347.svg Hache
50%
1F681.svg Hélicoptère
50%
1F994.svg Hérisson
50%
E302.svg Infirmier / Infirmière
50%
1F526.svg Lampe de poche / Lampe torche
50%
1F430.svg Lapin
50%
1F443.svg Nez
50%
1F965.svg Noix de coco
50%
1FAB6.svg Plume
50%
1F46E-200D-2642-FE0F.svg Policier / Policière
50%
1F9D1-200D-1F692.svg Pompier / Sapeur-pompier
50%
E348.svg Scie
50%
1F9DC-200D-2640-FE0F.svg Sirène
50%
1F6BD.svg Toilettes
50%
1F30B.svg Volcan
50%
1F99A.svg Paon
43%
1FAA3.svg Seau
43%
1F4A1.svg Ampoule
40%
1F9ED.svg Boussole
40%
1FAE7.svg Bulles
40%
1F410.svg Chèvre
40%
1F980.svg Crabe
40%
E306.svg Pansement
40%
1F4F1.svg Portable / Téléphone mobile / Téléphone portable
40%
1F347.svg Raisin
40%
1F40D.svg Serpent
40%
1F99E.svg Homard
38%
1F9A5.svg Paresseux
38%
1FABD.svg Aile
33%
1F34B-200D-1F7E9.svg Citron vert
33%
1F9E3.svg Écharpe
33%
1FAC6.svg Empreinte digitale
33%
1F984.svg Licorne
33%
1F50E.svg Loupe
33%
1F4BB.svg Ordinateur portable
33%
1F9FC.svg Savon
33%
E343.svg Tondeuse
33%
E140.svg Trousse de (premiers) secours
33%
1F3A7.svg Casque
25%
1FA9C.svg Échelle
25%
E327.svg Fauteuil roulant
25%
1F98E.svg Lézard
25%
1F427.svg Manchot
25%
1F334.svg Palmier
25%
1F385.svg Père Noël
25%
E344.svg Brouette
20%
1F99D.svg Raton laveur
20%
1F422.svg Tortue
20%
1F9F9.svg Balai
17%
E1D9.svg Code-barres
17%
1F985.svg Aigle
0%
1F6D2.svg Caddie / Chariot
0%
1F98C.svg Cerf
0%
1F42A.svg Chameau
0%
1F436.svg Chien
0%
2702.svg Ciseaux
0%
1F413.svg Coq
0%
1F944.svg Cuillère
0%
1F9A2.svg Cygne
0%
1F47B.svg Fantôme
0%
1F41C.svg Fourmi
0%
1F680.svg Fusée
0%
1F998.svg Kangourou
0%
1F99F.svg Moustique
0%
1F419.svg Pieuvre / Poulpe
0%
1F34E.svg Pomme
0%
1F45B.svg Portefeuille / Porte-monnaie
0%
1F414.svg Poule
0%
1F988.svg Requin
0%
1F58A.svg Stylo
0%
1F578.svg Toile d’araignée
0%
No matching quizzes found
Score Distribution
Percent of People with Each Score
Percentile by Number Answered
Your Score History
You have not taken this quiz since the last reset